The problems of asbestos removal at high temperatures (Record no. 104022)

MARC details
000 -LEADER
fixed length control field 00366cam a2200145 4500
001 - CONTROL NUMBER
control field ##L128823
008 - FIXED-LENGTH DATA ELEMENTS--GENERAL INFORMATION
fixed length control field 050217n1993 000 0 eng u
020 ## - INTERNATIONAL STANDARD BOOK NUMBER
International Standard Book Number 0118855867
035 ## - SYSTEM CONTROL NUMBER
System control number (Sirsi) u128823
041 0# - LANGUAGE CODE
Language code of text/sound track or separate title eng
245 #4 - TITLE STATEMENT
Title The problems of asbestos removal at high temperatures
260 ## - PUBLICATION, DISTRIBUTION, ETC.
Name of publisher, distributor, etc. Health & safety executive
Date of publication, distribution, etc. 1993
942 ## - ADDED ENTRY ELEMENTS (KOHA)
Suppress in OPAC 0

No items available.